000 01009nam a2200289 a 4500
005 19900720100950.3
008 891020s1990 nyua b 001 0 eng
010 _aENG-92182
020 _a9780070669284
_c295.00
020 _a0070669287
_c295.00
035 _aEN-75715
037 _bDBAD / PUB
040 _adpl
_bEnglish
082 _a621.31
100 _aNaidu, M.S.
245 _aHigh voltage engineering /
_cby M.S. Naidu [and] V. Kamaraju
250 _a4th ed
260 _aNew Delhi
_bTata McGraw-Hill Publishing
_c2009
300 _axiv, 474p.:
_c23cm (pbk)
_bcol. photos; ill.
500 _aIncludes index
650 _aElectric engineering
650 _aHigh voltages
650 _aElectric insulators and insulation
700 _aKamaraju, V.
942 _2ddc
_cEN
_mNAI
_h321.31
999 _c19822
_d19822